Estrategias de gobierno electrónico/ (Registro nro. 9660)

Detalles MARC
000 -LEADER
fixed length control field 00996nam a2200229Ia 4500
005 - FECHA Y HORA DE LA ÚLTIMA TRANSACCIÓN
control field 20231006170825.0
008 - FIXED-LENGTH DATA ELEMENTS--GENERAL INFORMATION
fixed length control field 231006s9999 xx 000 0 und d
020 ## - INTERNATIONAL STANDARD BOOK NUMBER
International Standard Book Number 978-99961-326-4-3
040 ## - CATALOGING SOURCE
Original cataloging agency UPAN
Transcribing agency Biblioteca San Vicente
Description conventions RCAA50
041 ## - LANGUAGE CODE
Language code of text/sound track or separate title spa
082 ## - DEWEY DECIMAL CLASSIFICATION NUMBER
Classification number 342.06
Item number G748e
año de publicación 2020
110 ## - MAIN ENTRY--CORPORATE NAME
Corporate name or jurisdiction name as entry element UTE
245 #0 - TITLE STATEMENT
Title Estrategias de gobierno electrónico/
Remainder of title UTE
250 ## - EDITION STATEMENT
Edition statement 1º ed.
260 ## - PUBLICATION, DISTRIBUTION, ETC. (IMPRINT)
Place of publication, distribution, etc El Salvador:
Name of publisher, distributor, etc UTE,
Date of publication, distribution, etc 2020
300 ## - PHYSICAL DESCRIPTION
Extent 135 p.;
Dimensions 24 cm.
505 ## - FORMATTED CONTENTS NOTE
Formatted contents note Capitulo I. Aspectos generales de las estrategias de Gobierno electrónico<br/>Capitulo II. Marco normativo nacional vinculado con el uso de tecnologías en relacion a la administración de justicia<br/>Capitulo III. Situación de la administración de justicia salvadoreña frente a la implementación de estrategias de Gobierno electrónico
651 ## - SUBJECT ADDED ENTRY--GEOGRAPHIC NAME
Source of heading or term LEMB
Geographic name Gobierno
General subdivision Estrategias
651 ## - SUBJECT ADDED ENTRY--GEOGRAPHIC NAME
Source of heading or term LEMB
Geographic name Electrónico
General subdivision Legislación
700 ## - ADDED ENTRY--PERSONAL NAME
Personal name Comisión Coordinadora del Sector Justicia
Relator code col.
942 ## - ADDED ENTRY ELEMENTS (KOHA)
Koha item type Libros
Source of classification or shelving scheme Dewey Decimal Classification
Existencias
Withdrawn status Lost status Source of classification or shelving scheme Damaged status Not for loan Collection code Home library Current library Date acquired Total Checkouts Full call number Barcode Date last seen Copy number Price effective from Koha item type
    Dewey Decimal Classification     Colección General Biblioteca UPAN San Vicente Biblioteca UPAN San Vicente 06/10/2023   342.06 G748e 12004385 06/10/2023 01 06/10/2023 Libros
    Dewey Decimal Classification     Colección General Biblioteca UPAN San Vicente Biblioteca UPAN San Vicente 06/10/2023   342.06 G748e 12004386 06/10/2023 02 06/10/2023 Libros
    Dewey Decimal Classification     Colección General Biblioteca UPAN San Vicente Biblioteca UPAN San Vicente 06/10/2023   342.06 G748e 12004387 06/10/2023 03 06/10/2023 Libros